[Event "45th Olympiad 2024"]
[Site "Budapest HUN"]
[Date "2024.09.14"]
[Round "4.69"]
[Board "3"]
[White "Alsaqer, Meshal"]
[Black "Monnaatsheko, Keletshabile"]
[Result "0-1"]
[WhiteElo "1815"]
[BlackElo "2064"]
[PlyCount "87"]
[EventDate "2024.09.11"]
[WhiteTeam "Kuwait"]
[BlackTeam "Botswana"]
[WhiteTeamCountry "KUW"]
[BlackTeamCountry "BOT"]

1. d4 d5 2. Nf3 Nf6 3. c4 c6 4. Qc2 e6 5. Nbd2 Nbd7 6. g3 Be7 7. Bg2 b6 8. O-O Bb7 9. e4 dxe4 10. Nxe4 O-O 11. Rd1 Qc8 12. Ne5 ({RR} 12. Nc3 b5 13. c5 b4 14. Ne4 Nxe4 15. Qxe4 Nf6 16. Qe1 Nd5 17. a3 bxa3 18. Rxa3 Ba6 19. g4 Bb5 20. g5 Bd8 21. Ne5 Bc7 22. Rh3 Qd8 23. Qe4 g6 24. Re1 Rc8 25. Qh4 h5 26. Nxg6 fxg6 {0-1 Jianu,V (2538)-Stamenkovic,A (2271) Belgrade Trophy 23rd 2010 (6)}) 12... c5 ({RR} 12... Nxe5 13. dxe5 Nxe4 14. Qxe4 Rb8 15. Be3 c5 16. Qg4 Bxg2 17. Kxg2 Rd8 18. Rxd8+ Qxd8 19. Rd1 Qc7 20. Qe4 Rd8 21. Rxd8+ Qxd8 22. Qc6 h6 23. Qb7 a5 24. b3 Kh7 25. h4 Kg8 26. h5 Kh7 27. Qe4+ {1-0 Carbone,D (2350)-Rian,K (2089) Titled Tue 17th Jan Late 2023 (6)}) 13. Nxd7 Nxd7 14. b3 $146 ({RR} 14. d5 exd5 15. cxd5 Nf6 16. d6 Rd8 17. Bg5 Bf8 18. Bxf6 gxf6 19. Nxf6+ Kg7 20. d7 Qb8 21. Ne8+ Kg8 22. Be4 h6 23. Nf6+ Kg7 24. Qc3 Kh8 25. Nh5+ Kg8 26. Qf3 Bxe4 27. Qxe4 b5 28. Qg4+ Kh8 {1-0 Vasovski,N (2417)-Hristovski,S (2147) FRM CupT 15th 2007 (2)}) ({RR} 14. d5 exd5 15. cxd5 f5 16. Ng5 Bd6 17. Ne6 Rf7 18. Ng5 Rf8 19. b3 Qe8 20. Ne6 Rf7 21. Bb2 Nf6 22. Ng5 Bc8 23. Nxf7 Qxf7 24. Re1 Bd7 25. Re6 Bf8 26. Rd1 Re8 27. Rxe8 Nxe8 28. Be5 Nd6 {1-0 Maslak,A (2253)-Adamek,J (2229) Karvina op 2003 (7)}) 14... cxd4 15. Rxd4 f5 16. Nd6 Bxd6 17. Bxb7 Qxb7 18. Rxd6 Ne5 19. f4 Nf3+ 20. Kf1 Rad8 21. Rxd8 Rxd8 22. Be3 Nd2+ 23. Kg1 Nf3+ 24. Kf1 Nd4 25. Bxd4 Rxd4 26. Qg2 Qxg2+ 27. Kxg2 Rd2+ 28. Kf3 Rxh2 29. a3 Rb2 30. b4 Rc2 31. Rd1 Rc3+ 32. Kf2 Rxa3 33. Rd7 Ra4 34. Ke3 Rxb4 35. Kd4 b5 36. Ke5 bxc4 37. Kxe6 Rb6+ 38. Ke7 h6 39. Rxa7 Rb3 40. Ke6 Rxg3 41. Rc7 c3 42. Kxf5 h5 43. Ke4 h4 44. Kd4 0-1

[Event "45th Olympiad 2024"]
[Site "Budapest HUN"]
[Date "2024.09.14"]
[Round "4.69"]
[Board "4"]
[White "Oratile, Kgotlane"]
[Black "Alabdaljader, Mohammed"]
[Result "1-0"]
[WhiteElo "1975"]
[BlackElo "1677"]
[PlyCount "79"]
[EventDate "2024.09.11"]
[WhiteTeam "Botswana"]
[BlackTeam "Kuwait"]
[WhiteTeamCountry "BOT"]
[BlackTeamCountry "KUW"]

1. e4 e5 2. Nf3 Nc6 3. d3 Nf6 4. g3 d6 5. Bg2 Be7 6. O-O ({RR} 6. h3 O-O 7. c4 h6 8. Nc3 Nh7 9. O-O Be6 10. Nd5 Qd7 11. Kh2 f5 12. exf5 Bxf5 13. Nxe7+ Nxe7 14. b3 Nf6 15. Bb2 Bh7 16. Ng1 c6 17. Qd2 Qf5 18. Rad1 Qh5 19. Qe2 Qg6 20. Nf3 Qh5 {0-1 Odeev,H (2397)-Ringoir,T (2448) Olympiad-40 Istanbul 2012 (5.4)}) 6... Bg4 7. h3 Bh5 8. c3 ({RR} 8. g4 Nxg4 9. hxg4 Bxg4 10. c3 h5 11. Qb3 b6 12. Nh2 Qd7 13. f4 Be2 14. Rf2 Bxd3 15. Qd5 Bxb1 16. Rxb1 O-O 17. Rf3 Bf6 18. Rh3 Ne7 19. Qd1 g6 20. f5 d5 21. Bh6 Rfd8 22. Qb3 c6 {1-0 Ask,J (2169)-Neretljak,N (2051) Elite Hotels Vaxjo Open 2023 (6.16)}) 8... Qd7 $146 ({RR} 8... O-O 9. Nbd2 d5 10. Re1 dxe4 11. dxe4 b5 12. a4 a6 13. Qb3 Rb8 14. axb5 axb5 15. Nf1 Qc8 16. Nh4 Re8 17. Nf5 Bf8 18. Bg5 Nd7 19. g4 Bg6 20. N1g3 Nc5 21. Qd5 Qe6 22. b4 Na4 23. Rec1 {1-0 Bezkorovaina,M (2081)-Nguyen,T (1945) Wch U18 Girls 2013 (7)}) ({RR} 8... O-O 9. g4 Bg6 10. Nh4 Kh8 11. f4 exf4 12. Bxf4 Nd7 13. Nf5 Bxf5 14. gxf5 Bg5 15. Bg3 Nce5 16. Na3 f6 17. d4 Nf7 18. h4 Bh6 19. Qh5 c5 20. Nc2 Qb6 21. b3 cxd4 22. Nxd4 Be3+ 23. Bf2 {0-1 Harshini,A (1318)-Anushka Bapu Kutwal (1509) 48th ch-IND w 2022 (5.38)}) 9. Kh2 h6 10. Re1 O-O-O 11. Qa4 Kb8 12. b4 Bxf3 13. Bxf3 Nd4 14. Qd1 Nxf3+ 15. Qxf3 g5 16. Kg2 g4 17. hxg4 Nxg4 18. Qf5 Qxf5 19. exf5 h5 20. Rh1 h4 21. f3 h3+ 22. Rxh3 Rxh3 23. Kxh3 Nf2+ 24. Kg2 Nxd3 25. Bd2 d5 26. Na3 Nb2 27. Rh1 a5 28. Rh7 axb4 29. cxb4 Rg8 30. Rxf7 Bd6 31. Nb5 Nc4 32. Bh6 d4 33. f6 d3 34. Kf2 d2 35. Ke2 Rxg3 36. Rg7 e4 37. fxe4 d1=Q+ 38. Kxd1 Rd3+ 39. Ke2 Rd2+ 40. Bxd2 1-0

[Event "45th Olympiad 2024"]
[Site "Budapest HUN"]
[Date "2024.09.14"]
[Round "4.70"]
[Board "1"]
[White "Mafaaz Khalid"]
[Black "Tran, Tuan An"]
[Result "1/2-1/2"]
[WhiteElo "2069"]
[BlackElo "1916"]
[PlyCount "91"]
[EventDate "2024.09.11"]
[WhiteTeam "Pakistan"]
[BlackTeam "Guam"]
[WhiteTeamCountry "PAK"]
[BlackTeamCountry "GMA"]

1. d4 Nf6 2. c4 e6 3. Nc3 d5 4. Nf3 c5 5. cxd5 cxd4 6. Qxd4 exd5 7. e4 dxe4 8. Qxd8+ Kxd8 9. Ng5 Be6 10. Nxe6+ fxe6 11. Bc4 Nc6 ({RR} 11... Ke7 12. O-O Nbd7 13. Be3 Rc8 14. Bb3 Nc5 15. Bxc5+ Rxc5 16. Rfe1 g6 17. Nxe4 Nxe4 18. Rxe4 e5 19. f4 Bg7 20. Rae1 Rf8 21. fxe5 Rf5 22. e6 Bxb2 23. Rd1 Rc7 24. g4 Rf8 25. Kg2 b5 26. Re2 {1-0 Carlsen,M (2862)-So,W (2770) Skilling op KO rapid 2020 (3.11)}) 12. Bg5 Ke7 13. Nxe4 h6 $146 ({RR} 13... Kf7 14. Bxf6 gxf6 15. O-O-O Rd8 16. Rxd8 Nxd8 17. Rd1 Be7 18. Rd7 f5 19. Nd6+ Kf6 20. Nxb7 Nxb7 21. Rxb7 Bc5 22. f3 Rd8 23. Rxh7 Be3+ 24. Kc2 Rd2+ {½-½ Yakubboev,N (2604)-Tabatabaei,M (2624) Sharjah Masters 4th 2021 (9)}) ({RR} 13... Kf7 14. Nxf6 gxf6 15. Be3 Ne5 16. Rc1 Nxc4 17. Rxc4 Bd6 18. Ke2 b6 19. Rd1 Rad8 20. b4 e5 21. b5 Ke7 22. a4 Rc8 23. Rdc1 Rxc4 24. Rxc4 Ke6 25. Rh4 Kd5 26. g4 Ke6 27. Kd3 Kd5 28. f3 {1-0 Harikrishna,P (2699)-Niemann,H (2688) TCh-FRA Top 16 Haute 2024 (2.2)}) ({RR} 13... Kf7 14. Bxf6 gxf6 15. O-O-O Rd8 16. Rxd8 Nxd8 17. f4 f5 18. Rd1 Be7 19. Ng5+ Bxg5 20. fxg5 Ke7 21. Bb5 Nc6 22. Bxc6 bxc6 23. Rd4 Rg8 24. h4 h6 25. gxh6 Rh8 26. g4 fxg4 27. Rxg4 Rxh6 28. Rg7+ {½-½ Guo Qi (2372)-Song,Y (2397) TCh-CHN DivA Finals 2023 (1.19)}) 14. Nxf6 hxg5 15. Ng4 Rd8 16. Rd1 Rxd1+ 17. Kxd1 Na5 18. Bd3 Kd6 19. Ke2 Be7 20. Rd1 Bf6 21. Be4+ Ke7 22. b4 Nc6 23. Bxc6 bxc6 24. Rd3 Rb8 25. Rb3 Rb5 26. a4 Rb8 27. Kd3 Rd8+ 28. Kc2 Rd4 29. h3 a5 30. b5 cxb5 31. axb5 a4 32. Rb1 Kd7 33. Nxf6+ gxf6 34. Kc3 Rf4 35. f3 Kc7 36. Rb4 Rf5 37. b6+ Kb7 38. Kb2 Rd5 39. Kc3 a3 40. Ra4 Kxb6 41. Rxa3 Kc7 42. Ra4 Kd6 43. f4 gxf4 44. Rxf4 Ke7 45. Rf1 Kf7 46. g3 1/2-1/2

[Event "45th Olympiad 2024"]
[Site "Budapest HUN"]
[Date "2024.09.14"]
[Round "4.70"]
[Board "2"]
[White "Mafnas, Peter"]
[Black "Amer Karim"]
[Result "0-1"]
[WhiteElo "1886"]
[BlackElo "2081"]
[PlyCount "112"]
[EventDate "2024.09.11"]
[WhiteTeam "Guam"]
[BlackTeam "Pakistan"]
[WhiteTeamCountry "GMA"]
[BlackTeamCountry "PAK"]

1. Nf3 Nf6 2. g3 g6 3. Bg2 Bg7 4. O-O O-O 5. d4 d5 6. e3 Bf5 7. Nbd2 c5 8. b3 Nc6 9. a3 Rc8 10. Bb2 Ne4 11. c3 $146 ({RR} 11. h3 cxd4 12. exd4 Qb6 13. c3 e5 14. g4 exd4 15. cxd4 Be6 16. Nxe4 dxe4 17. Nd2 Nxd4 18. Rb1 Rfd8 19. Nxe4 Qa6 20. Bxd4 Bxd4 21. Qf3 Qxa3 22. Ng5 Rc3 23. Qxb7 Bxb3 24. Ne4 Bd5 25. Nf6+ Bxf6 {½-½ Mostafa Elfeky,M-Elhusseiny,E (1926) Al Ain Overseas Int 2023 (4.21)}) 11... cxd4 12. cxd4 Na5 13. Rc1 Bg4 14. Rxc8 Qxc8 15. Qc1 Bxf3 16. Bxf3 Nxd2 17. Qxd2 Nxb3 18. Qb4 Qc4 19. Bc3 Qxb4 20. Bxb4 a5 21. Rb1 axb4 22. Rxb3 bxa3 23. Rxa3 e6 24. Rb3 Rb8 25. Rb6 Bf6 26. Be2 Bd8 27. Rb3 Ba5 28. Rb2 Kf8 29. Bb5 Rc8 30. Kf1 b6 31. Ke2 Rc1 32. Bd3 Ke7 33. Rc2 Re1+ 34. Kf3 Kd6 35. Bb5 Rb1 36. Rc6+ Ke7 37. Rc7+ Kf8 38. Bd3 Rb2 39. Rc2 Rb3 40. Ba6 Bc3 41. Ke2 Ke7 42. Kd3 Bb4+ 43. Ke2 Bd6 44. Bd3 b5 45. Kd2 h5 46. Rc6 b4 47. Ra6 Rb2+ 48. Ke1 e5 49. dxe5 Bxe5 50. Ra5 Bc3+ 51. Kf1 d4 52. e4 b3 53. Rb5 Rd2 54. Bc4 b2 55. Ba2 Rd1+ 56. Ke2 Ra1 0-1

[Event "45th Olympiad 2024"]
[Site "Budapest HUN"]
[Date "2024.09.14"]
[Round "4.70"]
[Board "3"]
[White "Momin Fayzan"]
[Black "Combs, Daniel"]
[Result "1-0"]
[WhiteElo "2064"]
[BlackElo "1688"]
[PlyCount "91"]
[EventDate "2024.09.11"]
[WhiteTeam "Pakistan"]
[BlackTeam "Guam"]
[WhiteTeamCountry "PAK"]
[BlackTeamCountry "GMA"]

1. c4 Nf6 2. d4 e6 3. Nf3 Bb4+ 4. Bd2 Be7 5. g3 b6 6. Bg2 Bb7 7. Nc3 O-O 8. O-O d5 9. cxd5 exd5 10. Ne5 h6 ({RR} 10... c5 11. Bg5 Ne4 12. Bxe7 Qxe7 13. Rc1 Rd8 14. e3 {½-½ Gheorghiu,F (2520)-Ljubojevic,L (2605) Olympiad-23 Buenos Aires 1978 (11)}) ({RR} 10... c5 11. Bf4 Nc6 12. dxc5 Bxc5 13. Nxd5 Nxe5 14. Nxf6+ Qxf6 15. Bxb7 Rad8 16. Qb3 Ng6 17. Bc1 Rfe8 18. Bf3 Ne5 19. Kg2 Nxf3 20. Qxf3 Qe5 21. e3 Rd6 22. Rd1 Rxd1 23. Qxd1 Qe4+ 24. Qf3 Qc2 25. e4 {0-1 Smirnov,P (2530)-Goltsev,D (2215) VN Startsev Mem Blitz 2024 (4.4)}) 11. Rc1 $146 ({RR} 11. Qa4 c5 12. Be3 Bd6 13. Rfd1 Re8 14. f4 Nbd7 15. Nxd7 Nxd7 16. Bf2 Nf6 17. dxc5 Bxc5 18. Bxc5 bxc5 19. Qb5 Qe7 20. Bf3 Rab8 21. Qd3 d4 22. Na4 Bxf3 23. exf3 Rb4 24. b3 c4 25. Qd2 c3 {0-1 Gomez Fontal,F (2406)-Delgado Ramirez,N (2506) CUB-ch Holguin 2002 (11)}) 11... Nbd7 12. Qa4 Nxe5 13. dxe5 Nh7 14. Rfd1 c5 15. Be1 Qc7 16. Bxd5 Bxd5 17. Nxd5 Qxe5 18. Bc3 Qe6 19. Nc7 Qg6 20. Nxa8 Rxa8 21. Qd7 Qe6 22. Qxe6 fxe6 23. Rd7 Kf7 24. Rcd1 Nf6 25. Bxf6 Kxf6 26. b3 b5 27. Rb7 a6 28. Rdd7 Re8 29. f4 g6 30. e4 Kf7 31. Kf2 Kf8 32. e5 h5 33. Ke3 Kf7 34. Ke4 Kf8 35. Ra7 Kf7 36. Rxa6 Kf8 37. Rxe6 Kf7 38. Ra6 b4 39. Kd5 Rc8 40. Raa7 Re8 41. Rxe7+ Rxe7 42. Rxe7+ Kxe7 43. Kxc5 Ke6 44. Kxb4 Kf5 45. a4 Ke6 46. Kc5 1-0

[Event "45th Olympiad 2024"]
[Site "Budapest HUN"]
[Date "2024.09.14"]
[Round "4.70"]
[Board "4"]
[White "Doria, Daniel"]
[Black "Mudasir, Iqbal"]
[Result "0-1"]
[WhiteElo "1745"]
[BlackElo "2055"]
[PlyCount "72"]
[EventDate "2024.09.11"]
[WhiteTeam "Guam"]
[BlackTeam "Pakistan"]
[WhiteTeamCountry "GMA"]
[BlackTeamCountry "PAK"]

1. c4 c5 2. Nc3 Nc6 3. g3 g6 4. Bg2 Bg7 5. Nf3 Nf6 6. d3 d6 7. O-O O-O 8. a3 Rb8 9. Rb1 a5 10. Bd2 h6 ({RR} 10... Bf5 11. h3 b6 12. Ne1 Qc8 13. Kh2 Nd4 14. e3 Nc6 15. f4 Bd7 16. Nf3 Ne8 17. g4 Nc7 18. a4 Nb4 19. Qe2 d5 20. e4 dxc4 21. dxc4 Ne6 22. Nd5 Nxd5 23. exd5 Nd4 24. Nxd4 Bxd4 25. f5 {½-½ Radjabov,T (2744)-Ivanchuk,V (2768) FIDE World Cup 2011 (5.3)}) ({RR} 10... Ne8 11. Nb5 Nc7 12. Qa4 Bd7 13. Qxa5 Nxa5 {0-1 Obon Temprano,S (2192)-Chor,K (1944) Titled Tue 20th Feb Late 2024 (1)}) 11. Qc1 Kh7 12. e4 $146 ({RR} 12. Nb5 Be6 13. b4 axb4 14. axb4 Nxb4 15. Bxb4 cxb4 16. Rxb4 Qd7 17. Rd1 Bg4 18. Rd2 Rfc8 19. Rc2 Ra8 20. Nfd4 d5 21. c5 Ra6 22. Nf3 Ne8 23. d4 Bf5 24. Rc3 Rca8 25. Ra3 Rxa3 26. Nxa3 Qc7 {½-½ O'Siochru,M (2045)-Hamid,R (2135) Olympiad Women-32 1996 (5)}) 12... Bg4 13. h3 Bxf3 14. Bxf3 Nd4 15. Bg2 b5 16. cxb5 Rxb5 17. Re1 Rb3 18. Ne2 Nxe2+ 19. Rxe2 Nd7 20. Qc2 a4 21. f4 Qb6 22. Be3 Rb8 23. Qc4 Qb5 24. Qxb5 R8xb5 25. e5 Rb6 26. d4 Rxa3 27. dxc5 Nxc5 28. Bxc5 dxc5 29. bxa3 Rxb1+ 30. Kf2 e6 31. Bc6 Ra1 32. Re3 Bf8 33. Rc3 Ra2+ 34. Kf3 c4 35. Rxc4 Rxa3+ 36. Kg4 h5+ 0-1

[Event "45th Olympiad 2024"]
[Site "Budapest HUN"]
[Date "2024.09.14"]
[Round "4.71"]
[Board "1"]
[White "Tchouka, Yakini"]
[Black "Kao, Jamison Edrich"]
[Result "0-1"]
[WhiteElo "1932"]
[BlackElo "2125"]
[PlyCount "88"]
[EventDate "2024.09.11"]
[WhiteTeam "Togo"]
[BlackTeam "Hong Kong, China"]
[WhiteTeamCountry "TOG"]

1. e4 c5 2. Nf3 d6 3. d4 cxd4 4. Nxd4 Nf6 5. Nc3 Bd7 6. Bg5 e6 7. Qd2 a6 8. Be2 Nc6 9. Nb3 ({RR} 9. f4 b5 10. Bf3 Rc8 11. O-O-O Be7 12. Nb3 Qc7 13. Rhe1 b4 14. Ne2 a5 15. Bxf6 gxf6 16. Nbd4 Nxd4 17. Nxd4 O-O 18. Kb1 Kh8 19. Bh5 Qb6 20. Re3 Rc4 21. b3 Rc5 22. f5 e5 23. Rg3 Be8 {1-0 Kudrin,S (2575)-Benjamin,J (2585) World op 21st 1993}) 9... b5 10. a3 h6 ({RR} 10... Qc7 11. f4 Be7 12. O-O Rd8 13. Rad1 Bc8 14. Qe3 h6 15. Bh4 O-O 16. Kh1 Ng4 17. Bxg4 Bxh4 18. Ne2 a5 19. c3 Ba6 20. Nbd4 Nxd4 21. cxd4 b4 22. axb4 axb4 23. Ra1 Qb6 24. g3 Bf6 25. Rfd1 {0-1 Dinis de Sousa,J (2085)-Dvirnyy,D (2491) Portuguese Top League 2024 (1.2)}) 11. Bh4 Ne5 $146 ({RR} 11... Qc7 12. Rd1 Ne5 13. Bxf6 gxf6 14. Qd4 Be7 15. O-O h5 16. Kh1 Rc8 17. Rde1 Nc4 18. Nd1 h4 19. f4 Qb6 20. Qd3 Bc6 21. Nd4 Bb7 22. c3 h3 23. g3 f5 24. Bf3 fxe4 25. Bxe4 Bxe4+ 26. Rxe4 {0-1 Makarov,A-Shamkovich,L URS-ch24 Semifinal 1956}) 12. f4 Nc4 13. Qc1 Qb6 14. Bf2 Qb7 15. O-O Rc8 16. Bd3 Be7 17. Nd2 O-O 18. h3 Bc6 19. Re1 d5 20. exd5 Nxd5 21. Nxd5 Bxd5 22. Kh2 Bf6 23. c3 Nxd2 24. Qxd2 Bxg2 25. Rg1 Be4 26. Qe2 Bxd3 27. Qxd3 Rfd8 28. Qe3 Qd5 29. Rg2 Qd3 30. Qb6 Qd6 31. Qe3 Rc4 32. Bg3 Qc5 33. Qf3 Qd5 34. Qg4 h5 35. Qe2 h4 36. Bf2 Rxf4 37. Rag1 Qf5 38. Be1 Rd3 39. Rg4 Rff3 40. Qg2 Be5+ 41. Bg3 hxg3+ 42. Kh1 Rf2 43. Qa8+ Kh7 44. Rh4+ Kg6 0-1

[Event "45th Olympiad 2024"]
[Site "Budapest HUN"]
[Date "2024.09.14"]
[Round "4.71"]
[Board "2"]
[White "Lam, Daniel King Wai"]
[Black "Egbe, Kossi Thierry"]
[Result "1-0"]
[WhiteElo "2088"]
[BlackElo "1847"]
[PlyCount "71"]
[EventDate "2024.09.11"]
[WhiteTeam "Hong Kong, China"]
[BlackTeam "Togo"]
[BlackTeamCountry "TOG"]

1. e4 d6 2. d4 Nf6 3. Nc3 g6 4. Bg5 Bg7 5. Qd2 c6 6. f4 h6 7. Bh4 Qb6 ({RR} 7... Nh5 8. O-O-O Nxf4 9. Qxf4 g5 10. Qg3 Bf6 11. Bxg5 hxg5 12. e5 Bg7 13. Bc4 d5 14. Bd3 Qb6 15. Nge2 Na6 16. Kb1 Nb4 17. Qxg5 Bh6 18. Qg3 Nxd3 19. Rxd3 Bf5 20. Rf3 e6 21. Qf2 Bg6 22. Nf4 {1-0 Smirin,I (2683)-Georgiev,V (2310) Olympiad-35 Bled 2002 (1.1)}) 8. O-O-O Bg4 ({RR} 8... O-O 9. Nf3 Bg4 10. Be2 Nbd7 11. e5 Nd5 12. Nxd5 cxd5 13. Bxe7 Rfc8 14. Bxd6 Nf8 15. Kb1 Ne6 16. c3 a5 17. h3 Bf5+ 18. Ka1 a4 19. g4 Be4 20. f5 gxf5 21. gxf5 Bxf5 22. Rdg1 Kh7 23. Bd3 {1-0 Itkis,B (2329)-Herman,D (1957) Titled Tue 27th Dec Late 2022 (1)}) 9. Be2 $146 ({RR} 9. Nf3 d5 10. e5 Ne4 11. Nxe4 dxe4 12. h3 Be6 13. Ng1 Na6 14. Qc3 Nb4 {½-½ Nanu,C (2436)-Manolache,M (2488) Timisoara Brinzeu Memorial 2006 (5)}) 9... Bxe2 10. Ngxe2 Nbd7 11. e5 Ng8 12. exd6 e6 13. g4 h5 14. h3 Bf6 15. Bf2 O-O-O 16. Ne4 Nb8 17. N2c3 Qa5 18. Kb1 Bg7 19. Bh4 Rd7 20. Nc5 Rxd6 21. N3e4 Qc7 22. Nxd6+ Qxd6 23. Ne4 Qd5 24. Qe2 hxg4 25. hxg4 Na6 26. c4 Qd7 27. d5 exd5 28. cxd5 cxd5 29. Nd6+ Qxd6 30. Qe8+ Kc7 31. Rc1+ Nc5 32. Bd8+ Qxd8 33. Rxc5+ Kd6 34. Qxd8+ Kxc5 35. Rxh8 Bxh8 36. Qxg8 1-0

[Event "45th Olympiad 2024"]
[Site "Budapest HUN"]
[Date "2024.09.14"]
[Round "4.71"]
[Board "3"]
[White "Amewounou, Komlan Kouessan"]
[Black "Chan, Wang Ip Boris"]
[Result "0-1"]
[WhiteElo "1825"]
[BlackElo "2016"]
[PlyCount "48"]
[EventDate "2024.09.11"]
[WhiteTeam "Togo"]
[BlackTeam "Hong Kong, China"]
[WhiteTeamCountry "TOG"]

1. e4 c5 2. a3 e6 3. b4 cxb4 4. axb4 Bxb4 5. c3 ({RR} 5. Bb2 Nf6 6. e5 Nd5 7. c4 Ne7 8. Qg4 Ng6 9. Nf3 Nc6 10. Nc3 f5 11. exf6 Qxf6 12. O-O-O Bxc3 13. Bxc3 Qe7 14. Bd3 Qa3+ 15. Kb1 Qb3+ 16. Kc1 Qa3+ 17. Kb1 Qb3+ 18. Kc1 Qa3+ {½-½ Riehle,M (2358)-Xu,Y (2510) Titled Tue 17th Jan Early 2023 (9)}) 5... Be7 ({RR} 5... Ba5 6. Qg4 Nf6 7. Qg5 Bb6 8. e5 Ne4 9. Qxg7 Bxf2+ 10. Ke2 Rf8 11. d3 Qb6 12. dxe4 Bc5 13. Nf3 Nc6 14. Nbd2 d5 15. exd6 Bd7 16. Rb1 Qa5 17. Nb3 Qb6 18. Nbd2 Qa5 19. Ke1 a6 20. Rxb7 {1-0 Perez Arroyave,D (1881)-Toro,M (2070) XXXI Feria de las Flores 2024 (1.22)}) 6. Na3 d6 7. Nb5 $146 ({RR} 7. d4 Nf6 8. Bd3 O-O 9. Nf3 b6 10. e5 dxe5 11. dxe5 Nd5 12. Be4 Nxc3 13. Qxd8 Rxd8 14. Bg5 Nxe4 15. Bxe7 Rd7 16. Bd6 Nxd6 17. exd6 Ba6 18. Rc1 f6 19. Nc4 Bxc4 20. Rxc4 Na6 21. Rd4 e5 {0-1 Wellmann,F (1770)-Surinya,T (2001) Mittelfranken-chTB1 1314 2013 (5.7)}) 7... Nc6 8. d4 Nf6 9. d5 exd5 10. exd5 Ne5 11. Rxa7 Rxa7 12. Nxa7 Bd7 13. Nb5 Qa5 14. Qb3 O-O 15. Be2 Rc8 16. Bb2 Rc5 17. Na3 Nxd5 18. Nc4 Nxc4 19. Bxc4 Ba4 20. Qa2 Nxc3 21. Bxf7+ Kf8 22. Qa1 Ne4+ 23. Ke2 Qd2+ 24. Kf3 Qxf2+ 0-1

[Event "45th Olympiad 2024"]
[Site "Budapest HUN"]
[Date "2024.09.14"]
[Round "4.71"]
[Board "4"]
[White "Li, Yiheng"]
[Black "Fumey, Enyonam Sewa"]
[Result "1-0"]
[WhiteElo "1893"]
[BlackElo "1845"]
[PlyCount "49"]
[EventDate "2024.09.11"]
[WhiteTeam "Hong Kong, China"]
[BlackTeam "Togo"]
[BlackTeamCountry "TOG"]

1. e4 d5 2. exd5 Nf6 3. Nf3 Nxd5 4. d4 Bf5 5. Bd3 Bxd3 6. Qxd3 e6 7. c4 Nf6 8. Nc3 c6 9. O-O Be7 10. Bf4 Nbd7 11. Rad1 O-O 12. Rfe1 Re8 13. Qe2 $146 ({RR} 13. h3 Qa5 14. a3 Rac8 15. Qe2 Qh5 16. b4 a6 17. Bg3 b5 18. c5 Kf8 19. Qc2 Qg6 20. Qb3 Nd5 21. Ne4 Ra8 22. Ne5 Nxe5 23. Bxe5 a5 24. Rd3 f6 25. Rg3 Qh5 26. Bd6 axb4 27. axb4 Ra4 {1-0 Georgiev,K (2651)-Krivoshey,S (2501) Internet Section 10A g/8'+2" blitz 2004 (6)}) ({RR} 13. a3 Qa5 14. b4 Qh5 15. h3 Rac8 16. Ne5 Nxe5 17. dxe5 Red8 18. Qe3 Ne8 19. Qxa7 Qf5 20. Qxb7 Bf8 21. Be3 Qxe5 22. Bb6 Rxd1 23. Rxd1 Rb8 24. Bd4 Qf4 25. Ne2 Qd6 26. Qa7 e5 27. c5 Qd8 {1-0 Golubev,M (2527)-Krivoshey,S (2501) Canarias en Red prel 1st blitz 2004 (5)}) 13... Qa5 14. Ne5 Bb4 15. Rd3 Rad8 16. a3 Bxc3 17. Rxc3 Rc8 18. b4 Qb6 19. Rd1 a6 20. Rg3 Kf8 21. Nxd7+ Nxd7 22. Qh5 Kg8 23. Qh6 g6 24. Rh3 Nf8 25. Bd6 1-0

[Event "45th Olympiad 2024"]
[Site "Budapest HUN"]
[Date "2024.09.14"]
[Round "4.72"]
[Board "1"]
[White "Asabri, Hussien"]
[Black "AH KYE, Benitot"]
[Result "1-0"]
[WhiteElo "2196"]
[BlackElo "1815"]
[PlyCount "35"]
[EventDate "2024.09.11"]
[WhiteTeam "Libya"]
[BlackTeam "Mauritius"]
[WhiteTeamCountry "LBY"]
[BlackTeamCountry "MRI"]

1. d4 Nf6 2. Nf3 d5 3. c4 e6 4. Nc3 Bb4 5. e3 O-O 6. Bd2 b6 7. Bd3 ({RR} 7. Rc1 Be7 8. cxd5 exd5 9. Ne5 Bb7 10. g3 c5 11. Bg2 Nc6 12. Nxc6 Bxc6 13. dxc5 bxc5 14. O-O Rc8 15. Ne2 Qb6 16. Bc3 Rfd8 17. Re1 h6 18. Nf4 d4 19. exd4 cxd4 20. Bd2 Bxg2 21. Rxc8 Rxc8 {½-½ Zvjaginsev,V (2642)-Alekseev,E (2673) RUS-ch Higher League 67th 2014 (8)}) 7... Ba6 8. Qe2 Be7 $146 ({RR} 8... Nbd7 9. O-O c5 10. cxd5 Bxd3 11. Qxd3 exd5 12. a3 Bxc3 13. Bxc3 c4 14. Qc2 Ne4 15. Ne5 Nxe5 16. dxe5 Qc7 17. Bd4 a5 18. a4 Nc5 19. Bxc5 bxc5 20. f4 Rab8 21. e4 dxe4 22. Qxe4 Rxb2 23. Qxc4 {0-1 Atreides,A (2046)-Storme,I (2379) Titled Tuesday intern op 7th April blitz 2020 (5)}) ({RR} 8... Nbd7 9. O-O Rc8 10. a3 Be7 11. cxd5 Bxd3 12. Qxd3 exd5 13. Rac1 c5 14. Rfd1 c4 15. Qf5 Nb8 16. Ng5 h6 17. Nh3 Rc7 18. Nf4 Rd7 19. f3 Nc6 20. Be1 Bd6 21. Nh5 Nxh5 22. Qxh5 Bb8 23. Bh4 {0-1 Ning,I (1958)-Winsley,N (1785) 131st ch-NZL Rapid 2024 (4.7)}) ({RR} 8... c5 9. O-O Nc6 10. dxc5 bxc5 11. Rfd1 Bxc3 12. Bxc3 Nb4 13. Bxb4 cxb4 14. a3 Qb6 15. axb4 dxc4 16. Bxc4 Bxc4 17. Qxc4 Nd5 18. b5 Rfc8 19. Qa4 h6 20. Nd4 Rc7 21. Qa5 Rb8 22. Nc6 Rbb7 23. Qxb6 {½-½ Aleksandrov,A (2593)-Berkovich,M (2326) Eljanov Memorial 6th blitz 2020 (4)}) 9. O-O Nbd7 10. Rfd1 c5 11. b3 Rc8 12. a4 Qc7 13. Nb5 Qb7 14. Ne5 Qb8 15. cxd5 exd5 16. Bf5 Rcd8 17. Nc6 Qb7 18. Nxe7+ 1-0

[Event "45th Olympiad 2024"]
[Site "Budapest HUN"]
[Date "2024.09.14"]
[Round "4.72"]
[Board "2"]
[White "Lam Kin Cheung, Stephane"]
[Black "Alhassadi, Yousef A."]
[Result "0-1"]
[WhiteElo "1677"]
[BlackElo "2082"]
[PlyCount "50"]
[EventDate "2024.09.11"]
[WhiteTeam "Mauritius"]
[BlackTeam "Libya"]
[WhiteTeamCountry "MRI"]
[BlackTeamCountry "LBY"]

1. e4 c5 2. Nc3 e6 3. f4 d5 4. Nf3 d4 5. Bb5+ Bd7 6. Bxd7+ Qxd7 7. Nb1 ({RR} 7. Ne2 d3 8. cxd3 Qxd3 9. Qa4+ b5 10. Qb3 Qxe4 11. Qxb5+ Qc6 12. Nc3 Nf6 13. O-O Bd6 14. Ne5 Bxe5 15. fxe5 Nd5 16. Nxd5 exd5 17. Qe2 O-O 18. b4 cxb4 19. Bb2 Qe6 20. Qh5 Nc6 21. Rae1 d4 {0-1 Jones,G (2548)-Kurnosov,I (2606) Hastings Masters op 84th 2008 (5)}) 7... Nc6 8. d3 f5 ({RR} 8... Bd6 9. O-O Nge7 10. Na3 Bc7 11. Nb5 Bb8 12. a4 a6 13. Na3 b5 14. axb5 axb5 15. Bd2 Nb4 16. Qe1 Rxa3 17. Bxb4 Rxa1 18. Qxa1 cxb4 19. g3 O-O 20. Qa5 Bd6 21. Kg2 Rb8 22. Nxd4 Nc6 23. Nxc6 {0-1 Rom,J (2178)-Derjabin,I (2314) Titled Tue 23rd Jul Early 2024 (6)}) 9. e5 $146 ({RR} 9. O-O O-O-O 10. Nbd2 Nf6 11. Qe1 Be7 12. a3 Kb8 13. Kh1 h6 14. Nc4 Qc7 15. b4 cxb4 16. axb4 Bxb4 17. Bd2 Bxd2 18. Nfxd2 g5 19. e5 Nd5 20. fxg5 hxg5 21. Nb3 b5 22. Nc5 Qh7 23. h3 g4 {1-0 Janaszak,D (2308)-Duarte,L (2299) Titled Tue 24th Oct Late 2023 (2)}) 9... Nge7 10. O-O Nd5 11. b3 Be7 12. a4 h6 13. h4 O-O-O 14. Na3 Qe8 15. Bd2 Qg6 16. Qe1 Qg4 17. g3 Rdg8 18. Kg2 g5 19. fxg5 hxg5 20. Nxg5 Bxg5 21. Bxg5 Rxg5 22. hxg5 Ne3+ 23. Kg1 Rh1+ 24. Kxh1 Qh3+ 25. Kg1 Qg2# 0-1